Structural design of the ceiling slab of an apartment building

Gespeichert in:
Bibliographische Detailangaben
1. Verfasser: Potkan, Adam (Verfasst von)
Weitere Verfasser: Sonnenschein, Róbert (Betreuung Doktorarbeit)
Format: Manuskript Buch
Sprache:Slowakisch
Englisch
Veröffentlicht: 2025
Schlagworte:
Online-Zugang:http://is.stuba.sk/zp/portal_zp.pl?podrobnosti=193885
CRZP
Tags: Tag hinzufügen
Keine Tags, Fügen Sie das erste Tag hinzu!

MARC

LEADER 00000ntm a22000003a 4500
001 stuzp104399
003 SK-STU
005 20250731150541.7
007 ta
008 150427s2015----xo-----f-mn---000-0-slo-d
040 |a STU  |b slo 
041 0 |a eng 
100 1 |a Potkan, Adam  |u 010110  |4 aut  |U SvF Stavebná fakulta  |T SvF Katedra betónových konštrukcií a mostov  |X 98161  |U V110  |Y 11  |7 98161 
242 0 1 |a Železobetónová stropná konštrukcia bytového domu  |y slo 
245 1 0 |a Structural design of the ceiling slab of an apartment building 
260 |c 2025 
650 4 |a nosný systém  |2 slo 
650 4 |a bytový dom  |2 slo 
650 4 |a stropná konštrukcia  |2 slo 
650 4 |a výstuž  |2 slo 
650 4 |a apartment building  |2 eng 
650 4 |a ceiling construction  |2 eng 
650 4 |a bearing system  |2 eng 
650 4 |a reinforcement  |2 eng 
700 1 |a Sonnenschein, Róbert  |u 010110  |k Z1  |4 ths  |U SvF Stavebná fakulta  |T SvF Katedra betónových konštrukcií a mostov  |X 28824  |U V110  |Y 11  |7 A000028824 
856 4 |u http://is.stuba.sk/zp/portal_zp.pl?podrobnosti=193885 
856 4 |u https://opac.crzp.sk/?fn=detailBiblioForm&sid=C9A1C75A261DD259FA854D1E26A3  |z CRZP